00478nam a2200145Ia 450000500170000000800410001710000240005824500630008226000200014530000110016565000160017694200070019299900170019995201160021620260328104301.0260328s9999||||xx |||||||||||||| ||und|| aWright, Frank Lloyd 4aThe Early Work by Frank Lloyd Wright /cFrank Lloyd Wright bBramhuall House a140 p. aARQUITECTOS cBK c10606d10606 001040708GENaGPCbGPCcGENd2026-03-28i4839l0oA 920 F 8511p4839r2026-03-28 15:43:01t1w2026-03-28yBK